Well-Known Movie by Tough Image V Quiz Stats

 Plays Quiz Updated Feb 3, 2016

Score 0/24 Timer 08:00
0 Plays Today
% Correct
Up
72.6%
Iron Man 3
71.7%
The King's Speech
70.6%
Star Wars: Episode V - The Empire Strikes Back
60%
The Notebook
57.2%
Con Air
55.4%
E.T. the Extra-Terrestrial
54.9%
Se7en
54%
Memento
53.3%
The Wedding Singer
52.9%
300
47.2%
Monty Python and the Holy Grail
45.9%
% Correct
Rocky
42.9%
Shaun of the Dead
37.5%
Ocean's Eleven
36.1%
The Bourne Identity
33%
Gran Torino
32.8%
There Will Be Blood
32%
Goodfellas
30.4%
Django Unchained
29.5%
Stand by Me
28.3%
The Fifth Element
28.2%
Léon: The Professional
20%
The Green Mile
17%

You're not logged in!

Compare scores with friends on all Sporcle quizzes.
OR
Log In

You Might Also Like...

Show Comments

Extras

Top Quizzes Today


Score Distribution

Your Account Isn't Verified!

In order to create a playlist on Sporcle, you need to verify the email address you used during registration. Go to your Sporcle Settings to finish the process.

Report this User

Report this user for behavior that violates our Community Guidelines.

Details: